| LEADER | 00652nam a2200157 4500 | ||
|---|---|---|---|
| 082 | |a 516.24076 |b L250Q | ||
| 100 | |a Lê Quang Ánh | ||
| 245 | |a 360 bài toán chọn lọc lượng giác / |c Lê Quang Ánh.. | ||
| 260 | |a Tp. HCM.: |b Trẻ, |c 1999 | ||
| 300 | |a 291 tr.; |b 21 cm | ||
| 520 | |a v...v.. | ||
| 653 | |a Toán học | ||
| 942 | |2 ddc |c STK0 | ||
| 999 | |c 6929 |d 6929 | ||
| 952 | |0 0 |1 0 |2 ddc |4 0 |6 516_240760000000000_L250Q |7 0 |8 500 |9 64593 |a qbu |b qbu |c D3 |d 2015-01-26 |o 516.24076 L250Q |p 6878.c1 |r 0000-00-00 |w 2015-01-26 |y STK0 | ||
| 952 | |0 0 |1 0 |2 ddc |4 0 |6 516_240760000000000_L250Q |7 0 |8 500 |9 64594 |a qbu |b qbu |c D3 |d 2015-01-26 |o 516.24076 L250Q |p 6878.c2 |r 0000-00-00 |w 2015-01-26 |y STK0 | ||